Top 4 UEFA Nations League - Statistieken

Algemene statistieken
  • Deze quiz is 222 keer genomen
  • De gemiddelde score is 8 van 9
Antwoordstatistieken
1e % Correct
Frankrijk
99%
Spanje
98%
Nederland
97%
Portugal
93%
Engeland
91%
Italië
90%
België
88%
Kroatië
79%
Zwitserland
60%
Geen overeenkomende quizzen gevonden
Scoreverdeling
Procent van Mensen met Elke Score
Percentiel versus Aantal Correcte Antwoorden
Uw Scoregeschiedenis
U heeft deze quiz nog niet genomen